La arquitectura del poliedro : itinerarios universitarios, equidad y movilidad ocupacional en México /

Sábháilte in:
Sonraí bibleagrafaíochta
Príomhchruthaitheoir: Acosta Silva, Adrián (coordinación)
Rannpháirtithe: Planas Coll, Jordi (coordinación) (coordinación)
Formáid: LEABHAR
Teanga:Spáinnis
Foilsithe / Cruthaithe: Guadalajara, México : Universidad de Guadalajara, Centro Universitario de Ciencias Económico Administrativas, 2014, c2014
Sraith:(Monografías de la Academia)
Ábhair:
Clibeanna: Cuir clib leis
Níl clibeanna ann, Bí ar an gcéad duine le clib a chur leis an taifead seo!

MARC

LEADER 00000nam^a2200000^a^4500
001 000400602
005 20250521000000.0
009 20260310121622.805
020 |a 978-607-742-105-4 
037 |a Acervo ITESO - Biblioteca 
041 |a ESP 
082 |a 378. 72  |b ACO 
100 |a Acosta Silva, Adrián  |e (coordinación) 
245 1 3 |a La arquitectura del poliedro :  |b itinerarios universitarios, equidad y movilidad ocupacional en México /  |c Coord. de A. Acosta Silva, J. Planas Coll. 
264 4 |a Guadalajara, México :  |b Universidad de Guadalajara, Centro Universitario de Ciencias Económico Administrativas,  |c 2014, c2014 
300 |a 241 p. 
336 |a texto  |b txt  |2 rdacontenido 
337 |a sin mediación  |b n  |2 rdamedio 
338 |a volumen  |b nc  |2 rdasoporte 
440 1 |a (Monografías de la Academia) 
521 |a FIL 2017 EEnlace Centro Universidad Empresa 
649 |a XX 
650 |a Pasantes -  |z México -  |x Condiciones Laborales 
650 |a Eficiencia Terminal -  |z México 
650 |a Trayectoria Estudiantil -  |z México -  |x Tema Principal 
650 |a Inserción y Reinserción Laboral -  |z México -  |x Tema Principal 
650 |a Educación Superior -  |z México -  |x Tema Principal 
650 |a Educación y Trabajo -  |z México -  |x Tema Principal 
650 |a Educación -  |z México 
700 |a Planas Coll, Jordi  |e (coordinación) 
910 |a Fondo General 
920 |a Impresos - Libros 
930 |a Colección General 
905 |a 101 
901 |a 0500295928  |b IT1  |c ACC  |i c158488  |u 20250521 
902 |a https://opac.biblio.iteso.mx/vufind/Record/000400602